000 00465nam a22001930a 4500
001 PT33739
003 AR-LpoUNG
005 20210131230131.0
008 191001suuuu||||xxu|||||||||||||||||spa d
040 _aAR-LpoUNG
_bspa
_cAR-LpoUNG
_eaacr
041 _aspa
082 0 _a371.914 4 613ven
100 1 _aSimpson, Eileen
245 1 0 _aVencer la dislexia
260 _as.l.
_bEmecé,
_cs.f.
700 1 _aYagolkowski, Daniel
_etr.
905 _a33739
942 _cLIB
999 _c1598
_d1598